[Event "DEM U16w 2018"]
[Site "Willingen GER"]
[Date "2018.05.23"]
[Round "5"]
[White "Berelowitsch, Dana"]
[Black "Voß, Henrike"]
[Result "1/2-1/2"]
[Termination "normal"]
[Board "7"]
[WhiteElo "1698"]
[BlackElo "1577"]
[WhiteClock "00:24:09"]
[BlackClock "00:03:01"]
[PlyCount "96"]
[WhiteFideId "12977144"]
[BlackFideId "12971910"]
[EventCountry "GER"]
[EventRounds "9"]
[EventType "swiss"]
[EventDate "2018.05.19"]

1. e4 {[%clk 1:30:58]} 1... e5 {[%clk 1:30:52]} 2. Nf3 {[%clk 1:31:23]} 2...
Nc6 {[%clk 1:31:16]} 3. Bb5 {[%clk 1:31:50]} 3... a6 {[%clk 1:31:36]} 4. Ba4 {
[%clk 1:32:16]} 4... Nf6 {[%clk 1:31:56]} 5. O-O {[%clk 1:32:40]} 5... Be7 {
[%clk 1:32:17]} 6. Re1 {[%clk 1:32:57]} 6... b5 {[%clk 1:32:32]} 7. Bb3 { [%clk
1:33:20]} 7... O-O {[%clk 1:32:52]} 8. d4 {[%clk 1:33:40]} 8... d6 { [%clk
1:32:50]} 9. c3 {[%clk 1:33:53]} 9... h6 {[%clk 1:26:34]} 10. Be3 { [%clk
1:32:41]} 10... Bg4 {[%clk 1:24:48]} 11. Nbd2 {[%clk 1:31:35]} 11... Na5 {[%clk
1:23:46]} 12. Bc2 {[%clk 1:31:44]} 12... c5 {[%clk 1:23:40]} 13. h3 { [%clk
1:28:33]} 13... Bxf3 {[%clk 1:21:53]} 14. Nxf3 {[%clk 1:28:27]} 14... Nc4
{[%clk 1:20:53]} 15. Bc1 {[%clk 1:28:25]} 15... Qc7 {[%clk 1:16:55]} 16. b3 {
[%clk 1:19:57]} 16... Nb6 {[%clk 1:16:35]} 17. Bb2 {[%clk 1:14:16]} 17... Nh5 {
[%clk 1:08:12]} 18. Rc1 {[%clk 0:52:30]} 18... Nf4 {[%clk 1:06:59]} 19. Bb1 {
[%clk 0:51:35]} 19... Nd7 {[%clk 0:52:10]} 20. Qd2 {[%clk 0:48:51]} 20... c4 {
[%clk 0:40:23]} 21. Red1 {[%clk 0:45:52]} 21... Rfd8 {[%clk 0:38:38]} 22. Qe1 {
[%clk 0:44:08]} 22... Nf8 {[%clk 0:37:34]} 23. Ba3 {[%clk 0:40:51]} 23... N8g6
{[%clk 0:35:59]} 24. Nd2 {[%clk 0:30:56]} 24... Qd7 {[%clk 0:28:29]} 25. Qf1 {
[%clk 0:16:10]} 25... cxb3 {[%clk 0:21:42]} 26. axb3 {[%clk 0:15:57]} 26... Bg5
{[%clk 0:20:43]} 27. Nf3 {[%clk 0:14:15]} 27... Qe6 {[%clk 0:11:03]} 28. d5 {
[%clk 0:09:24]} 28... Qf6 {[%clk 0:10:49]} 29. Nxg5 {[%clk 0:09:29]} 29... Qxg5
{[%clk 0:10:43]} 30. Kh2 {[%clk 0:08:42]} 30... Nh4 {[%clk 0:10:22]} 31. g3 {
[%clk 0:05:14]} 31... Nf3+ {[%clk 0:10:20]} 32. Kh1 {[%clk 0:05:33]} 32... Ng6
{[%clk 0:09:12]} 33. Qg2 {[%clk 0:04:11]} 33... Qf6 {[%clk 0:08:20]} 34. Rd3 {
[%clk 0:03:29]} 34... Ng5 {[%clk 0:08:43]} 35. h4 {[%clk 0:03:30]} 35... Nh7 {
[%clk 0:09:07]} 36. Rf3 {[%clk 0:03:06]} 36... Qe7 {[%clk 0:09:17]} 37. c4 {
[%clk 0:02:23]} 37... Rdc8 {[%clk 0:05:16]} 38. Bd3 {[%clk 0:01:47]} 38... Rab8
{[%clk 0:05:02]} 39. Be2 {[%clk 0:01:10]} 39... b4 {[%clk 0:04:50]} 40. Bb2 {
[%clk 0:01:30]} 40... Nf6 {[%clk 0:03:01]} 41. Re3 {[%clk 0:24:09]} 41... Nd7
42. Bg4 Ngf8 43. Ra1 Ra8 44. Bc1 Rcb8 45. Bd2 Nc5 46. Bd1 Nfd7 47. Bc2 Nf6 48.
Ree1 Nfd7 1/2-1/2

[Event "DEM U16w 2018"]
[Site "Willingen GER"]
[Date "2018.05.23"]
[Round "5"]
[White "Kühne, Maria"]
[Black "Gauchel, Verena"]
[Result "1/2-1/2"]
[Termination "normal"]
[Board "8"]
[WhiteElo "1614"]
[BlackElo "1502"]
[WhiteClock "00:10:13"]
[BlackClock "00:08:42"]
[PlyCount "53"]
[WhiteFideId "12997412"]
[BlackFideId "12988537"]
[EventCountry "GER"]
[EventRounds "9"]
[EventType "swiss"]
[EventDate "2018.05.19"]

1. e4 {[%clk 1:30:59]} 1... c5 {[%clk 1:30:55]} 2. Nf3 {[%clk 1:31:24]} 2...
Nc6 {[%clk 1:31:09]} 3. Bb5 {[%clk 1:31:47]} 3... d6 {[%clk 1:27:13]} 4. d4 {
[%clk 1:31:31]} 4... cxd4 {[%clk 1:25:17]} 5. Qxd4 {[%clk 1:31:45]} 5... Bd7 {
[%clk 1:23:16]} 6. Bxc6 {[%clk 1:31:58]} 6... Bxc6 {[%clk 1:23:38]} 7. Nc3 {
[%clk 1:31:04]} 7... h6 {[%clk 1:21:35]} 8. Be3 {[%clk 1:27:07]} 8... Nf6 {
[%clk 1:19:36]} 9. h3 {[%clk 1:25:00]} 9... e6 {[%clk 1:17:06]} 10. O-O-O {
[%clk 1:22:28]} 10... Qc7 {[%clk 1:13:08]} 11. Kb1 {[%clk 1:19:03]} 11... b5 {
[%clk 1:10:46]} 12. e5 {[%clk 0:49:10]} 12... dxe5 {[%clk 1:02:26]} 13. Qxe5 {
[%clk 0:32:34]} 13... Rc8 {[%clk 0:57:02]} 14. Qxc7 {[%clk 0:28:25]} 14... Rxc7
{[%clk 0:57:05]} 15. Nd4 {[%clk 0:28:16]} 15... a6 {[%clk 0:33:47]} 16. Nxc6 {
[%clk 0:26:15]} 16... Rxc6 {[%clk 0:34:11]} 17. f3 {[%clk 0:26:23]} 17... Bb4 {
[%clk 0:26:10]} 18. Ne2 {[%clk 0:25:58]} 18... Nd5 {[%clk 0:24:55]} 19. Bd4 {
[%clk 0:22:27]} 19... O-O {[%clk 0:24:27]} 20. c3 {[%clk 0:22:36]} 20... Bd6 {
[%clk 0:23:06]} 21. Rd3 {[%clk 0:22:20]} 21... Rd8 {[%clk 0:17:06]} 22. Rhd1 {
[%clk 0:22:37]} 22... Rd7 {[%clk 0:13:00]} 23. Bf2 {[%clk 0:20:50]} 23... Rc8 {
[%clk 0:11:31]} 24. a3 {[%clk 0:19:17]} 24... Rcd8 {[%clk 0:10:36]} 25. Ka1 {
[%clk 0:16:39]} 25... Be7 {[%clk 0:09:34]} 26. Bg3 {[%clk 0:15:28]} 26... Kh7 {
[%clk 0:08:42]} 27. R1d2 {[%clk 0:10:13]} 1/2-1/2

[Event "DEM U16w 2018"]
[Site "Willingen GER"]
[Date "2018.05.23"]
[Round "5"]
[White "Ehmann, Johanna"]
[Black "Schiewe, Nadin"]
[Result "1-0"]
[Termination "normal"]
[Board "9"]
[WhiteElo "1899"]
[BlackElo "1598"]
[WhiteClock "00:17:05"]
[BlackClock "00:34:58"]
[PlyCount "61"]
[WhiteFideId "12953130"]
[BlackFideId "16209079"]
[EventCountry "GER"]
[EventRounds "9"]
[EventType "swiss"]
[EventDate "2018.05.19"]

1. e4 {[%clk 1:30:55]} 1... d5 {[%clk 1:30:54]} 2. exd5 {[%clk 1:31:13]} 2...
Qxd5 {[%clk 1:31:13]} 3. Nc3 {[%clk 1:31:32]} 3... Qa5 {[%clk 1:31:31]} 4. d4 {
[%clk 1:31:42]} 4... c6 {[%clk 1:31:49]} 5. Bc4 {[%clk 1:31:53]} 5... Nf6 {
[%clk 1:31:53]} 6. Bd2 {[%clk 1:31:28]} 6... Qc7 {[%clk 1:31:56]} 7. Qe2 {
[%clk 1:31:30]} 7... Bf5 {[%clk 1:31:27]} 8. O-O-O {[%clk 1:31:33]} 8... e6 {
[%clk 1:31:10]} 9. Nf3 {[%clk 1:29:15]} 9... Nbd7 {[%clk 1:28:36]} 10. Rde1 {
[%clk 1:23:05]} 10... Be7 {[%clk 1:27:09]} 11. h3 {[%clk 1:18:04]} 11... h6 {
[%clk 1:25:45]} 12. g4 {[%clk 1:14:52]} 12... Bg6 {[%clk 1:24:03]} 13. g5 {
[%clk 0:59:49]} 13... hxg5 {[%clk 1:23:32]} 14. Nxg5 {[%clk 0:55:55]} 14... Nd5
{[%clk 1:17:10]} 15. h4 {[%clk 0:46:53]} 15... N7b6 {[%clk 1:07:19]} 16. Bd3 {
[%clk 0:40:12]} 16... Nf4 {[%clk 1:04:42]} 17. Qf3 {[%clk 0:30:55]} 17... Nxd3+
{[%clk 1:01:35]} 18. cxd3 {[%clk 0:31:13]} 18... Bxg5 {[%clk 0:58:17]} 19. hxg5
{[%clk 0:30:33]} 19... O-O-O {[%clk 0:57:12]} 20. Bf4 {[%clk 0:25:55]} 20...
Qe7 {[%clk 0:53:48]} 21. Rxh8 {[%clk 0:25:29]} 21... Rxh8 {[%clk 0:54:10]} 22.
Qe3 {[%clk 0:25:15]} 22... Nd7 {[%clk 0:49:32]} 23. d5 {[%clk 0:22:34]} 23...
cxd5 {[%clk 0:42:37]} 24. Qxa7 {[%clk 0:20:23]} 24... e5 {[%clk 0:36:58]} 25.
Qa8+ {[%clk 0:20:06]} 25... Nb8 {[%clk 0:36:31]} 26. Bxe5 {[%clk 0:18:54]}
26... Qxg5+ {[%clk 0:35:47]} 27. f4 {[%clk 0:18:36]} 27... Qh4 {[%clk 0:35:28]}
28. Qxb8+ {[%clk 0:18:37]} 28... Kd7 {[%clk 0:35:53]} 29. Qxb7+ {[%clk 0:18:18]
} 29... Ke8 {[%clk 0:35:26]} 30. Qc8+ {[%clk 0:16:48]} 30... Ke7 { [%clk
0:34:58]} 31. Nxd5# {[%clk 0:17:05]} 1-0

[Event "DEM U16w 2018"]
[Site "Willingen GER"]
[Date "2018.05.23"]
[Round "5"]
[White "Puls, Luisa"]
[Black "Naumenko, Valerija"]
[Result "0-1"]
[Termination "normal"]
[Board "10"]
[WhiteElo "1408"]
[BlackElo "1611"]
[WhiteClock "00:26:55"]
[BlackClock "01:07:20"]
[PlyCount "40"]
[WhiteFideId "16266005"]
[BlackFideId "16222890"]
[EventCountry "GER"]
[EventRounds "9"]
[EventType "swiss"]
[EventDate "2018.05.19"]

1. d4 {[%clk 1:30:58]} 1... d5 {[%clk 1:30:57]} 2. c4 {[%clk 1:31:23]} 2... e6
{[%clk 1:31:23]} 3. Nc3 {[%clk 1:31:41]} 3... Nf6 {[%clk 1:31:47]} 4. Bg5 {
[%clk 1:32:00]} 4... Be7 {[%clk 1:32:12]} 5. e3 {[%clk 1:31:47]} 5... h6 {
[%clk 1:32:34]} 6. Bf4 {[%clk 1:31:18]} 6... O-O {[%clk 1:31:28]} 7. Bd3 {
[%clk 1:30:21]} 7... dxc4 {[%clk 1:15:22]} 8. Bxc4 {[%clk 1:30:26]} 8... b6 {
[%clk 1:14:21]} 9. Qf3 {[%clk 1:19:33]} 9... Ba6 {[%clk 1:12:50]} 10. Qxa8 {
[%clk 1:09:31]} 10... Bxc4 {[%clk 1:13:15]} 11. Qxa7 {[%clk 1:06:00]} 11... Nd5
{[%clk 1:13:19]} 12. Nxd5 {[%clk 0:52:21]} 12... Qxd5 {[%clk 1:13:37]} 13. Nf3
{[%clk 0:50:56]} 13... Bb4+ {[%clk 1:13:42]} 14. Kd1 {[%clk 0:47:12]} 14... Qe4
{[%clk 1:13:19]} 15. Qa4 {[%clk 0:36:58]} 15... c5 {[%clk 1:07:14]} 16. b3 {
[%clk 0:28:21]} 16... Qd3+ {[%clk 1:07:00]} 17. Kc1 {[%clk 0:28:36]} 17... Qc3+
{[%clk 1:07:06]} 18. Kd1 {[%clk 0:26:59]} 18... Qxa1+ {[%clk 1:07:14]} 19. Kc2
{[%clk 0:27:03]} 19... Qc3+ {[%clk 1:07:19]} 20. Kd1 {[%clk 0:26:55]} 20... Bd3
{[%clk 1:07:20]} 0-1

[Event "DEM U16w 2018"]
[Site "Willingen GER"]
[Date "2018.05.23"]
[Round "6"]
[White "Schulze, Lara"]
[Black "Mönster, Madita"]
[Result "1-0"]
[Termination "normal"]
[Board "1"]
[WhiteTitle "WFM"]
[WhiteElo "2184"]
[BlackElo "1857"]
[WhiteClock "00:12:51"]
[BlackClock "00:10:07"]
[PlyCount "113"]
[WhiteFideId "12956830"]
[BlackFideId "12947156"]
[EventCountry "GER"]
[EventRounds "9"]
[EventType "swiss"]
[EventDate "2018.05.19"]

1. e4 {[%clk 1:30:58]} 1... c5 {[%clk 1:30:52]} 2. Nf3 {[%clk 1:31:24]} 2... d6
{[%clk 1:31:15]} 3. d4 {[%clk 1:31:50]} 3... cxd4 {[%clk 1:31:39]} 4. Qxd4 {
[%clk 1:32:12]} 4... Nc6 {[%clk 1:31:47]} 5. Bb5 {[%clk 1:32:35]} 5... Bd7 {
[%clk 1:31:53]} 6. Bxc6 {[%clk 1:33:03]} 6... bxc6 {[%clk 1:28:48]} 7. c4 {
[%clk 1:33:17]} 7... e5 {[%clk 1:28:09]} 8. Qd3 {[%clk 1:33:16]} 8... Qc7 {
[%clk 1:26:18]} 9. Nc3 {[%clk 1:32:41]} 9... Be7 {[%clk 1:24:08]} 10. O-O {
[%clk 1:31:42]} 10... Nf6 {[%clk 1:19:42]} 11. Bg5 {[%clk 1:25:21]} 11... h6 {
[%clk 1:14:59]} 12. Bxf6 {[%clk 1:22:59]} 12... Bxf6 {[%clk 1:14:56]} 13. Rfd1
{[%clk 1:21:14]} 13... Be7 {[%clk 1:04:09]} 14. c5 {[%clk 1:08:51]} 14... dxc5
{[%clk 0:57:36]} 15. Nxe5 {[%clk 1:08:29]} 15... Be6 {[%clk 0:57:07]} 16. Nf3 {
[%clk 0:59:11]} 16... O-O {[%clk 0:55:53]} 17. Na4 {[%clk 0:54:20]} 17... Rab8
{[%clk 0:46:12]} 18. Qe3 {[%clk 0:43:25]} 18... Qa5 {[%clk 0:43:11]} 19. b3 {
[%clk 0:42:25]} 19... Rfc8 {[%clk 0:28:10]} 20. Rdc1 {[%clk 0:31:26]} 20... c4
{[%clk 0:25:55]} 21. Nd4 {[%clk 0:30:16]} 21... Bf6 {[%clk 0:24:01]} 22. Nc3 {
[%clk 0:20:22]} 22... cxb3 {[%clk 0:21:04]} 23. axb3 {[%clk 0:19:51]} 23... Qb6
{[%clk 0:20:57]} 24. e5 {[%clk 0:19:13]} 24... Be7 {[%clk 0:19:32]} 25. Na4 {
[%clk 0:18:50]} 25... Qc7 {[%clk 0:17:52]} 26. Nxc6 {[%clk 0:13:06]} 26... Rb7
{[%clk 0:12:50]} 27. Nxe7+ {[%clk 0:06:22]} 27... Qxe7 {[%clk 0:13:10]} 28.
Rxc8+ {[%clk 0:06:30]} 28... Bxc8 {[%clk 0:13:33]} 29. Nc5 {[%clk 0:05:34]}
29... Rc7 {[%clk 0:12:53]} 30. b4 {[%clk 0:05:12]} 30... Bf5 {[%clk 0:10:32]}
31. h3 {[%clk 0:04:29]} 31... Rc8 {[%clk 0:09:28]} 32. g4 {[%clk 0:03:57]}
32... Bg6 {[%clk 0:08:53]} 33. f4 {[%clk 0:03:15]} 33... f5 {[%clk 0:06:10]}
34. Ra6 {[%clk 0:01:28]} 34... Kh7 {[%clk 0:05:19]} 35. g5 {[%clk 0:00:38]}
35... Rd8 {[%clk 0:03:18]} 36. Re6 {[%clk 0:00:43]} 36... Rd1+ {[%clk 0:02:09]}
37. Kh2 {[%clk 0:00:50]} 37... Qd8 {[%clk 0:02:10]} 38. Kg3 {[%clk 0:00:38]}
38... Bf7 {[%clk 0:01:31]} 39. Nb7 {[%clk 0:00:32]} 39... Qd5 {[%clk 0:01:21]}
40. Rd6 {[%clk 0:00:40]} 40... Qh1 {[%clk 0:00:38]} 41. Rxd1 {[%clk 0:26:38]}
41... Qxd1 {[%clk 0:30:56]} 42. gxh6 {[%clk 0:24:29]} 42... Kxh6 { [%clk
0:27:13]} 43. Nd6 {[%clk 0:19:48]} 43... Be6 {[%clk 0:26:48]} 44. Nb5 { [%clk
0:18:50]} 44... Qa4 {[%clk 0:22:00]} 45. Nd4 {[%clk 0:16:17]} 45... Qd7 { [%clk
0:20:32]} 46. b5 {[%clk 0:14:56]} 46... Qe8 {[%clk 0:15:08]} 47. Qf3 { [%clk
0:13:15]} 47... Qd7 {[%clk 0:11:23]} 48. Nxe6 {[%clk 0:12:43]} 48... Qxe6
{[%clk 0:11:33]} 49. Qc6 {[%clk 0:13:06]} 49... Qg6+ {[%clk 0:11:22]} 50. Kf3 {
[%clk 0:12:25]} 50... Kh7 {[%clk 0:11:03]} 51. Qxg6+ {[%clk 0:12:22]} 51...
Kxg6 {[%clk 0:11:26]} 52. Ke3 {[%clk 0:12:25]} 52... Kf7 {[%clk 0:11:16]} 53.
h4 {[%clk 0:12:19]} 53... Ke6 {[%clk 0:10:22]} 54. Kd4 {[%clk 0:12:46]} 54...
Ke7 {[%clk 0:10:29]} 55. Kc5 {[%clk 0:12:52]} 55... Kd7 {[%clk 0:10:45]} 56.
Kd5 {[%clk 0:13:09]} 56... g6 {[%clk 0:10:07]} 57. e6+ {[%clk 0:12:51]} 1-0

[Event "DEM U16w 2018"]
[Site "Willingen GER"]
[Date "2018.05.23"]
[Round "6"]
[White "Kobald, Jacqueline"]
[Black "Flach, Helene"]
[Result "1-0"]
[Termination "normal"]
[Board "2"]
[WhiteElo "1692"]
[BlackElo "1891"]
[WhiteClock "00:12:42"]
[BlackClock "00:16:15"]
[PlyCount "73"]
[WhiteFideId "12988162"]
[BlackFideId "12929735"]
[EventCountry "GER"]
[EventRounds "9"]
[EventType "swiss"]
[EventDate "2018.05.19"]

1. e4 {[%clk 1:30:57]} 1... c5 {[%clk 1:30:48]} 2. Nf3 {[%clk 1:31:20]} 2... e6
{[%clk 1:31:09]} 3. d4 {[%clk 1:31:44]} 3... cxd4 {[%clk 1:31:35]} 4. Nxd4 {
[%clk 1:32:09]} 4... a6 {[%clk 1:32:01]} 5. Nc3 {[%clk 1:32:28]} 5... Qc7 {
[%clk 1:32:22]} 6. Bd3 {[%clk 1:32:40]} 6... Nf6 {[%clk 1:31:52]} 7. O-O {
[%clk 1:32:19]} 7... d6 {[%clk 1:32:13]} 8. a4 {[%clk 1:31:11]} 8... b6 { [%clk
1:31:33]} 9. Kh1 {[%clk 1:29:27]} 9... Bb7 {[%clk 1:30:01]} 10. f4 { [%clk
1:28:06]} 10... Nbd7 {[%clk 1:28:46]} 11. Qe1 {[%clk 1:24:33]} 11... Be7 {[%clk
1:24:50]} 12. Qg3 {[%clk 1:23:55]} 12... O-O {[%clk 1:24:03]} 13. Bd2 { [%clk
1:23:54]} 13... Rfe8 {[%clk 1:21:18]} 14. Rae1 {[%clk 1:23:30]} 14... Rac8
{[%clk 1:19:30]} 15. e5 {[%clk 1:15:36]} 15... Nd5 {[%clk 1:05:21]} 16. f5
{[%clk 1:04:14]} 16... Nxe5 {[%clk 0:53:30]} 17. fxe6 {[%clk 1:00:50]} 17... f6
{[%clk 0:45:06]} 18. Nxd5 {[%clk 0:49:32]} 18... Bxd5 {[%clk 0:45:20]} 19. Nf5
{[%clk 0:38:27]} 19... Bd8 {[%clk 0:37:45]} 20. e7 {[%clk 0:33:17]} 20... g6 {
[%clk 0:32:36]} 21. exd8=Q {[%clk 0:31:55]} 21... Rcxd8 {[%clk 0:31:56]} 22.
Ne3 {[%clk 0:27:09]} 22... Bc4 {[%clk 0:25:58]} 23. Bxc4+ {[%clk 0:25:02]}
23... Nxc4 {[%clk 0:26:07]} 24. Nxc4 {[%clk 0:23:49]} 24... Qxc4 { [%clk
0:26:27]} 25. Qb3 {[%clk 0:23:54]} 25... Qxb3 {[%clk 0:24:06]} 26. cxb3 { [%clk
0:24:18]} 26... Kf7 {[%clk 0:24:26]} 27. Kg1 {[%clk 0:21:11]} 27... Rc8 { [%clk
0:23:04]} 28. Rxe8 {[%clk 0:20:19]} 28... Rxe8 {[%clk 0:23:28]} 29. Re1 { [%clk
0:20:33]} 29... Re5 {[%clk 0:20:12]} 30. Kf2 {[%clk 0:19:04]} 30... h5 { [%clk
0:19:53]} 31. Bc3 {[%clk 0:17:31]} 31... Rf5+ {[%clk 0:19:27]} 32. Ke3 { [%clk
0:14:51]} 32... Rg5 {[%clk 0:18:43]} 33. Re2 {[%clk 0:14:25]} 33... Rc5 { [%clk
0:17:09]} 34. Rf2 {[%clk 0:14:12]} 34... f5 {[%clk 0:17:27]} 35. Kf4 { [%clk
0:13:39]} 35... Rc7 {[%clk 0:16:31]} 36. Rd2 {[%clk 0:13:15]} 36... Rd7 { [%clk
0:16:15]} 37. Bb4 {[%clk 0:12:42]} 1-0

[Event "DEM U16w 2018"]
[Site "Willingen GER"]
[Date "2018.05.23"]
[Round "6"]
[White "Fock, Amina"]
[Black "Müdder, Melanie"]
[Result "1-0"]
[Termination "normal"]
[Board "3"]
[WhiteElo "1789"]
[BlackElo "1871"]
[WhiteClock "00:41:02"]
[BlackClock "00:03:51"]
[PlyCount "107"]
[WhiteFideId "12981982"]
[BlackFideId "12994103"]
[EventCountry "GER"]
[EventRounds "9"]
[EventType "swiss"]
[EventDate "2018.05.19"]

1. e4 {[%clk 1:30:59]} 1... c5 {[%clk 1:30:54]} 2. Nc3 {[%clk 1:31:24]} 2...
Nc6 {[%clk 1:31:14]} 3. f4 {[%clk 1:31:46]} 3... g6 {[%clk 1:31:24]} 4. Nf3 {
[%clk 1:31:47]} 4... Bg7 {[%clk 1:31:26]} 5. Bb5 {[%clk 1:31:31]} 5... Nd4 {
[%clk 1:31:16]} 6. O-O {[%clk 1:26:42]} 6... Nxb5 {[%clk 1:28:13]} 7. Nxb5 {
[%clk 1:27:04]} 7... d5 {[%clk 1:27:41]} 8. e5 {[%clk 1:25:59]} 8... a6 { [%clk
1:23:04]} 9. Nc3 {[%clk 1:25:31]} 9... Nh6 {[%clk 1:21:59]} 10. d4 { [%clk
1:23:41]} 10... c4 {[%clk 1:16:17]} 11. b3 {[%clk 1:17:54]} 11... cxb3 { [%clk
1:12:35]} 12. axb3 {[%clk 1:17:30]} 12... Bf5 {[%clk 1:06:32]} 13. Na4 { [%clk
1:14:15]} 13... Rc8 {[%clk 0:51:34]} 14. c3 {[%clk 1:07:09]} 14... O-O { [%clk
0:48:26]} 15. Ba3 {[%clk 1:02:44]} 15... Bd7 {[%clk 0:40:48]} 16. Qd2 { [%clk
0:52:31]} 16... Bxa4 {[%clk 0:32:25]} 17. bxa4 {[%clk 0:52:53]} 17... Rc4
{[%clk 0:31:41]} 18. a5 {[%clk 0:51:28]} 18... Nf5 {[%clk 0:30:08]} 19. Bb4 {
[%clk 0:51:01]} 19... Re8 {[%clk 0:25:32]} 20. Ne1 {[%clk 0:47:40]} 20... e6 {
[%clk 0:17:58]} 21. Nd3 {[%clk 0:46:38]} 21... Qc7 {[%clk 0:16:18]} 22. Rfb1 {
[%clk 0:44:45]} 22... Ne7 {[%clk 0:13:27]} 23. Bc5 {[%clk 0:42:34]} 23... Nc6 {
[%clk 0:12:36]} 24. Bb6 {[%clk 0:42:02]} 24... Qe7 {[%clk 0:12:09]} 25. Nb2 {
[%clk 0:42:19]} 25... Qh4 {[%clk 0:12:05]} 26. Nxc4 {[%clk 0:42:02]} 26... dxc4
{[%clk 0:12:27]} 27. Bc5 {[%clk 0:40:43]} 27... Bh6 {[%clk 0:12:16]} 28. g3 {
[%clk 0:40:46]} 28... Qg4 {[%clk 0:12:32]} 29. Rxb7 {[%clk 0:39:10]} 29... g5 {
[%clk 0:11:35]} 30. Qg2 {[%clk 0:39:12]} 30... Nd8 {[%clk 0:10:46]} 31. Rb8 {
[%clk 0:37:57]} 31... gxf4 {[%clk 0:09:40]} 32. gxf4 {[%clk 0:38:21]} 32...
Qxg2+ {[%clk 0:10:04]} 33. Kxg2 {[%clk 0:38:48]} 33... Bxf4 {[%clk 0:10:27]}
34. Be7 {[%clk 0:38:20]} 34... Rxe7 {[%clk 0:10:32]} 35. Rxd8+ {[%clk 0:38:45]}
35... Kg7 {[%clk 0:10:57]} 36. Rd6 {[%clk 0:38:39]} 36... Bd2 {[%clk 0:08:42]}
37. Ra3 {[%clk 0:38:53]} 37... Bc1 {[%clk 0:08:08]} 38. Ra2 {[%clk 0:39:16]}
38... Rb7 {[%clk 0:07:17]} 39. Rb6 {[%clk 0:39:35]} 39... Ra7 {[%clk 0:06:56]}
40. Ra4 {[%clk 0:39:51]} 40... Rc7 {[%clk 0:06:23]} 41. Rbb4 {[%clk 0:39:35]}
41... f6 {[%clk 0:05:26]} 42. exf6+ {[%clk 0:39:20]} 42... Kxf6 {[%clk 0:05:49]
} 43. Rxc4 {[%clk 0:39:27]} 43... Rg7+ {[%clk 0:06:04]} 44. Kf2 {[%clk 0:39:32]
} 44... Bg5 {[%clk 0:05:40]} 45. Rc6 {[%clk 0:39:20]} 45... Bh4+ { [%clk
0:05:36]} 46. Kf3 {[%clk 0:38:41]} 46... Rg5 {[%clk 0:05:16]} 47. d5 { [%clk
0:38:41]} 47... Rf5+ {[%clk 0:04:36]} 48. Rf4 {[%clk 0:38:58]} 48... Rxf4+
{[%clk 0:04:19]} 49. Kxf4 {[%clk 0:39:23]} 49... Bg5+ {[%clk 0:04:19]} 50. Ke4
{[%clk 0:39:44]} 50... Bd2 {[%clk 0:04:38]} 51. dxe6 {[%clk 0:40:07]} 51... Be1
{[%clk 0:04:18]} 52. Kd3 {[%clk 0:40:29]} 52... Bh4 {[%clk 0:04:13]} 53. Rxa6
{[%clk 0:40:51]} 53... Bg5 {[%clk 0:03:51]} 54. Rc6 {[%clk 0:41:02]} 1-0

[Event "DEM U16w 2018"]
[Site "Willingen GER"]
[Date "2018.05.23"]
[Round "6"]
[White "Reitz, Theresa"]
[Black "Bui, Ngoc Han Julia"]
[Result "1-0"]
[Termination "normal"]
[Board "4"]
[WhiteElo "1772"]
[BlackElo "1859"]
[WhiteClock "00:12:32"]
[BlackClock "00:19:52"]
[PlyCount "89"]
[WhiteFideId "12971901"]
[BlackFideId "12977055"]
[EventCountry "GER"]
[EventRounds "9"]
[EventType "swiss"]
[EventDate "2018.05.19"]

1. e4 {[%clk 1:30:53]} 1... e6 {[%clk 1:30:54]} 2. d4 {[%clk 1:31:15]} 2... d5
{[%clk 1:31:19]} 3. Nd2 {[%clk 1:31:14]} 3... Nf6 {[%clk 1:31:38]} 4. e5 {
[%clk 1:31:34]} 4... Nfd7 {[%clk 1:32:03]} 5. f4 {[%clk 1:31:51]} 5... c5 {
[%clk 1:32:28]} 6. c3 {[%clk 1:32:16]} 6... Nc6 {[%clk 1:32:52]} 7. Ndf3 {
[%clk 1:32:34]} 7... Qb6 {[%clk 1:33:00]} 8. a3 {[%clk 1:32:41]} 8... a5 {
[%clk 1:29:46]} 9. b3 {[%clk 1:31:07]} 9... cxd4 {[%clk 1:26:12]} 10. cxd4 {
[%clk 1:31:20]} 10... Be7 {[%clk 1:23:39]} 11. h4 {[%clk 1:28:18]} 11... f6 {
[%clk 1:15:05]} 12. Bd3 {[%clk 1:25:58]} 12... f5 {[%clk 1:06:50]} 13. Ne2 {
[%clk 1:23:38]} 13... Nf8 {[%clk 0:57:03]} 14. h5 {[%clk 1:07:34]} 14... Bd7 {
[%clk 0:51:55]} 15. Be3 {[%clk 1:06:37]} 15... Bxa3 {[%clk 0:45:09]} 16. Kf2 {
[%clk 0:53:27]} 16... Bb4 {[%clk 0:37:41]} 17. Qg1 {[%clk 0:48:39]} 17... Ne7 {
[%clk 0:21:22]} 18. g4 {[%clk 0:33:42]} 18... Bb5 {[%clk 0:19:56]} 19. Bxb5+ {
[%clk 0:27:01]} 19... Qxb5 {[%clk 0:20:18]} 20. Nh4 {[%clk 0:21:30]} 20... Rc8
{[%clk 0:11:57]} 21. gxf5 {[%clk 0:19:19]} 21... Rc2 {[%clk 0:11:08]} 22. Qd1 {
[%clk 0:19:07]} 22... Qc6 {[%clk 0:09:51]} 23. fxe6 {[%clk 0:18:13]} 23... Nxe6
{[%clk 0:10:12]} 24. Qd3 {[%clk 0:08:22]} 24... O-O {[%clk 0:09:01]} 25. Kg3 {
[%clk 0:06:08]} 25... b5 {[%clk 0:04:45]} 26. f5 {[%clk 0:01:32]} 26... Nd8 {
[%clk 0:03:30]} 27. Rac1 {[%clk 0:00:59]} 27... Rxc1 {[%clk 0:03:56]} 28. Rxc1
{[%clk 0:01:18]} 28... Qd7 {[%clk 0:03:40]} 29. Rf1 {[%clk 0:01:14]} 29... Kh8
{[%clk 0:03:26]} 30. Ng1 {[%clk 0:00:47]} 30... a4 {[%clk 0:02:51]} 31. bxa4 {
[%clk 0:00:38]} 31... bxa4 {[%clk 0:03:17]} 32. Bc1 {[%clk 0:00:34]} 32... a3 {
[%clk 0:02:36]} 33. Bxa3 {[%clk 0:00:34]} 33... Nxf5+ {[%clk 0:02:19]} 34. Rxf5
{[%clk 0:00:33]} 34... Bxa3 {[%clk 0:02:32]} 35. Rxf8+ 35... Bxf8 { [%clk
0:02:56]} 36. Qf3 {[%clk 0:01:01]} 36... Kg8 {[%clk 0:01:27]} 37. Nh3 { [%clk
0:01:02]} 37... Be7 {[%clk 0:01:01]} 38. Nf5 {[%clk 0:00:55]} 38... Qe6 { [%clk
0:00:46]} 39. Nxe7+ {[%clk 0:00:58]} 39... Qxe7 {[%clk 0:01:09]} 40. Qxd5+
{[%clk 0:00:51]} 40... Kh8 {[%clk 0:00:44]} 41. Nf4 {[%clk 0:28:06]} 41... Qg5+
{[%clk 0:22:47]} 42. Kf3 {[%clk 0:24:41]} 42... Qh4 {[%clk 0:20:16]} 43. Qd7
{[%clk 0:12:15]} 43... Qh1+ {[%clk 0:20:06]} 44. Ke3 {[%clk 0:12:22]} 44...
Qe1+ {[%clk 0:19:52]} 45. Ne2 {[%clk 0:12:32]} 1-0